Total War: Warhammer 3: DLCs - Statistics

General Stats
  • This quiz has been taken 26 times
  • The average score is 18 of 25
Answer Stats
Legendary Lord DLC % Correct
Karl Franz Total War: Warhammer
89%
Tyrion Total War: Warhammer II
89%
Skrag the Slaughterer Ogre Kingdoms
83%
The Changeling Shadows of Change
83%
The Daemon Prince Total War: Warhammer III
83%
Khazrak the One-Eye Call of the Beastmen
78%
Skulltaker Omens of Destruction
78%
Volkmar the Grim The Grim and the Grave
78%
Azazel Champions of Chaos
72%
Wulfrik the Wanderer Norsca
72%
Settra the Imperishable Rise of the Tomb Kings
72%
Nakai the Wanderer The Hunter & The Beast
72%
Tehenhauin The Prophet and the Warlock
72%
Alarielle the Radiant The Queen & The Crone
72%
Taurox the Brass Bull The Silence & The Fury
72%
Sisters of Twilight The Twisted & The Twilight
72%
Eltharion the Grim The Warden & The Paunch
72%
Tamurkhan the Maggot Lord Thrones of Decay
72%
Drazhoath the Ashen Forge of the Chaos Dwarfs
67%
Archaon the Everchosen Chaos Warriors
61%
Aislinn Tides of Torment
61%
Orion Realm of the Wood Elves
61%
Belegar Ironhammer The King and the Warlord
61%
Count Noctilus Curse of the Vampire Coast
56%
Malus Darkblade The Shadow & The Blade
50%
No matching quizzes found
Score Distribution
Percent of People with Each Score
Percentile by Number Answered
Your Score History
You have not taken this quiz